College Quizbowl Stats
College Quizbowl Stats
Circuits
Seasons
Sets
Records
Detailed Stats
About
Loading...
2024 ARCADIA at Waterloo
Tossups
Bonuses
Players
Teams
Categories (Tossup)
Categories (Bonus)
Stefan Mihai
Carleton University A
Categories
Category
Powers
Gets
Negs
BBs
Points
Earliest Buzz
Avg. Buzz
First Buzzes
Top 3 Buzzes
History - European History
0
1
0
1
10
124
124.00
0
1
Auditory Arts
0
1
1
1
5
119
119.00
0
0
Science - Biology
0
0
0
0
0
0.00
0
0
Social Science
0
0
0
0
0
0.00
0
0
Buzzes
Category
Answer
Value
Buzz Position
Auditory Arts
Finland
-5
8
Auditory Arts
harp
10
119
Social Science
conformity
0
121
Science - Biology
hydrogen peroxide
0
123
History - European History
BMW
10
124
Auditory Arts
piano trio
0
136
Previous
1
Next